Central Library OPAC University of Rajshahi

কবি জসীমউদদীন / (Record no. 39179)

MARC details
000 -LEADER
fixed length control field 00865nam a2200229 a 4500
001 - CONTROL NUMBER
control field 39179
003 - CONTROL NUMBER IDENTIFIER
rucl marc code BD-RjUL
005 - DATE AND TIME OF LATEST TRANSACTION
control field 20211209052933.0
008 - FIXED-LENGTH DATA ELEMENTS--GENERAL INFORMATION
fixed length control field 160405s2009 bg ||||e |||| 00| 0 ben d
020 ## - INTERNATIONAL STANDARD BOOK NUMBER
International Standard Book Number 9847000001108 :
Terms of availability Tk. 110.00
035 ## - SYSTEM CONTROL NUMBER
System control number (BD-RjUL) 39291
040 ## - CATALOGING SOURCE
Original cataloging agency BD-RjUL
Language of cataloging ben
Transcribing agency BD-RjUL
041 ## - LANGUAGE CODE
Language code of text/sound track or separate title ben
082 ## - DEWEY DECIMAL CLASSIFICATION NUMBER
Edition number 23
Classification number 891.44109
Author mark and year RAK 2009
100 ## - MAIN ENTRY--PERSONAL NAME
Personal name রহিম, মোঃ আবদুর
9 (RLIN) 120860
245 10 - TITLE STATEMENT
Title কবি জসীমউদদীন /
Statement of responsibility, etc. মোঃ আবদুর রহিম
260 ## - PUBLICATION, DISTRIBUTION, ETC. (IMPRINT)
Place of publication, distribution, etc. ঢাকা :
Name of publisher, distributor, etc. জাতীয় সাহিত্য প্রকাশ,
Date of publication, distribution, etc. ২০০৯
300 ## - PHYSICAL DESCRIPTION
Pagination ১০০ পৃ. ;
Size ২২ সেমি
650 ## - SUBJECT ADDED ENTRY--TOPICAL TERM
Topical term or geographic name as entry element বাংলা কবিতা
9 (RLIN) 120861
General subdivision ইতিহাস ও সমালোচনা
Topical term or geographic name as entry element Bengali Poetry
9 (RLIN) 120862
General subdivision History and Criticism
942 ## - ADDED ENTRY ELEMENTS (KOHA)
Source of classification or shelving scheme Dewey Decimal Classification
Koha item type Books
Holdings
Lost status Source of classification or shelving scheme Damaged status Not for loan Collection code Permanent Location Current Location Shelving location Date acquired Source of acquisition Cost, normal purchase price Total Checkouts Full call number Date last seen Copy number Koha item type
  Dewey Decimal Classification   Not For Loan Non-fiction Central Library, University of Rajshahi Central Library, University of Rajshahi Reading Room 30/07/2013 Jatiya Sahitya Prakash, Dhaka 110.00   B 891.44109 RAK 2009 05/04/2016 C-1 Books
  Dewey Decimal Classification     Non-fiction Central Library, University of Rajshahi Central Library, University of Rajshahi   30/07/2013 Jatiya Sahitya Prakash, Dhaka 110.00   B 891.44109 RAK 2009 05/04/2016 C-2 Books
  Dewey Decimal Classification     Non-fiction Central Library, University of Rajshahi Central Library, University of Rajshahi   30/07/2013 Jatiya Sahitya Prakash, Dhaka 110.00   B 891.44109 RAK 2009 05/04/2016 C-3 Books